<?xml version="1.0" encoding="UTF-8"?>
<record
    xmlns:xsi="http://www.w3.org/2001/XMLSchema-instance"
    xsi:schemaLocation="http://www.loc.gov/MARC21/slim http://www.loc.gov/standards/marcxml/schema/MARC21slim.xsd"
    xmlns="http://www.loc.gov/MARC21/slim">

  <leader>03755nam a22003851  4500</leader>
  <controlfield tag="005">20050808122104.0</controlfield>
  <controlfield tag="008">721219s1962    nyu    |      00| 0 eng  </controlfield>
  <datafield tag="010" ind1=" " ind2=" ">
    <subfield code="a">B-340651-663</subfield>
  </datafield>
  <datafield tag="020" ind1=" " ind2=" ">
    <subfield code="a">9788170005490</subfield>
    <subfield code="c">1175.00</subfield>
  </datafield>
  <datafield tag="035" ind1=" " ind2=" ">
    <subfield code="a">B-340651-663</subfield>
  </datafield>
  <datafield tag="037" ind1=" " ind2=" ">
    <subfield code="b">Ess Ess Publications</subfield>
  </datafield>
  <datafield tag="040" ind1=" " ind2=" ">
    <subfield code="a">dpl</subfield>
    <subfield code="b">English </subfield>
  </datafield>
  <datafield tag="082" ind1=" " ind2=" ">
    <subfield code="a">021.6</subfield>
  </datafield>
  <datafield tag="245" ind1=" " ind2=" ">
    <subfield code="a">Library and information systems :</subfield>
    <subfield code="c">edited by K.S.Raghavan [and] K.N.Prasad</subfield>
    <subfield code="b">from Alexandrian heritage to social networking : essays in honour  of Prof. S. Parthasarathy /</subfield>
  </datafield>
  <datafield tag="260" ind1=" " ind2=" ">
    <subfield code="a">New Delhi</subfield>
    <subfield code="b">Ess Ess Publications</subfield>
    <subfield code="c">2009</subfield>
  </datafield>
  <datafield tag="270" ind1=" " ind2=" ">
    <subfield code="a">4837/24, Ansari Road, Daryaganj, </subfield>
    <subfield code="b"> New Delhi</subfield>
    <subfield code="e">110002</subfield>
    <subfield code="k">23260807,41563444</subfield>
    <subfield code="l">41563334</subfield>
    <subfield code="m">info@essessreference.com</subfield>
  </datafield>
  <datafield tag="300" ind1=" " ind2=" ">
    <subfield code="a">xvii, 450 p.</subfield>
    <subfield code="c">23 cm. (Hb) </subfield>
  </datafield>
  <datafield tag="700" ind1=" " ind2=" ">
    <subfield code="a">Raghavan, K. S.</subfield>
  </datafield>
  <datafield tag="700" ind1=" " ind2=" ">
    <subfield code="a">Prasad, K.N.</subfield>
  </datafield>
  <datafield tag="942" ind1=" " ind2=" ">
    <subfield code="c">EN</subfield>
    <subfield code="h">021.6</subfield>
    <subfield code="m">LIB</subfield>
    <subfield code="2">ddc</subfield>
  </datafield>
  <datafield tag="999" ind1=" " ind2=" ">
    <subfield code="c">24473</subfield>
    <subfield code="d">24473</subfield>
  </datafield>
  <datafield tag="952" ind1=" " ind2=" ">
    <subfield code="0">0</subfield>
    <subfield code="1">0</subfield>
    <subfield code="2">ddc</subfield>
    <subfield code="4">0</subfield>
    <subfield code="7">0</subfield>
    <subfield code="8">NFIC</subfield>
    <subfield code="a">L</subfield>
    <subfield code="b">L</subfield>
    <subfield code="d">2009-07-22</subfield>
    <subfield code="e">Ess Ess Publications/16830/8.6.09/36/5.6.09/17.6.09</subfield>
    <subfield code="g">1175.00</subfield>
    <subfield code="l">1</subfield>
    <subfield code="o">021.6 LIB</subfield>
    <subfield code="p">B-340651</subfield>
    <subfield code="r">2023-07-26 00:00:00</subfield>
    <subfield code="s">2023-07-12</subfield>
    <subfield code="t">1</subfield>
    <subfield code="v">1175.00</subfield>
    <subfield code="w">2009-07-22</subfield>
    <subfield code="y">EN</subfield>
  </datafield>
  <datafield tag="952" ind1=" " ind2=" ">
    <subfield code="0">0</subfield>
    <subfield code="1">0</subfield>
    <subfield code="2">ddc</subfield>
    <subfield code="4">0</subfield>
    <subfield code="7">1</subfield>
    <subfield code="8">NFIC</subfield>
    <subfield code="a">L</subfield>
    <subfield code="b">L</subfield>
    <subfield code="d">2009-07-22</subfield>
    <subfield code="e">Ess Ess Publications/16830/8.6.09/36/5.6.09/17.6.09</subfield>
    <subfield code="g">1175.00</subfield>
    <subfield code="l">0</subfield>
    <subfield code="o">021.6 LIB</subfield>
    <subfield code="p">B-340652</subfield>
    <subfield code="r">2009-07-22 00:00:00</subfield>
    <subfield code="t">1</subfield>
    <subfield code="v">1175.00</subfield>
    <subfield code="w">2009-07-22</subfield>
    <subfield code="y">RF</subfield>
  </datafield>
  <datafield tag="952" ind1=" " ind2=" ">
    <subfield code="0">0</subfield>
    <subfield code="1">0</subfield>
    <subfield code="2">ddc</subfield>
    <subfield code="4">0</subfield>
    <subfield code="7">0</subfield>
    <subfield code="8">NFIC</subfield>
    <subfield code="a">BL1</subfield>
    <subfield code="b">BL1</subfield>
    <subfield code="d">2009-07-22</subfield>
    <subfield code="e">Ess Ess Publications/16830/8.6.09/36/5.6.09/17.6.09</subfield>
    <subfield code="g">1175.00</subfield>
    <subfield code="l">0</subfield>
    <subfield code="o">021.6 LIB</subfield>
    <subfield code="p">B-340653</subfield>
    <subfield code="r">2009-07-22 00:00:00</subfield>
    <subfield code="t">1</subfield>
    <subfield code="v">1175.00</subfield>
    <subfield code="w">2009-07-22</subfield>
    <subfield code="y">EN</subfield>
  </datafield>
  <datafield tag="952" ind1=" " ind2=" ">
    <subfield code="0">0</subfield>
    <subfield code="1">0</subfield>
    <subfield code="2">ddc</subfield>
    <subfield code="4">0</subfield>
    <subfield code="7">0</subfield>
    <subfield code="8">NFIC</subfield>
    <subfield code="a">DIZ</subfield>
    <subfield code="b">DIZ</subfield>
    <subfield code="d">2009-07-22</subfield>
    <subfield code="e">Ess Ess Publications/16830/8.6.09/36/5.6.09/17.6.09</subfield>
    <subfield code="g">1175.00</subfield>
    <subfield code="l">0</subfield>
    <subfield code="o">021.6 LIB</subfield>
    <subfield code="p">B-340654</subfield>
    <subfield code="r">2009-07-22 00:00:00</subfield>
    <subfield code="t">1</subfield>
    <subfield code="v">1175.00</subfield>
    <subfield code="w">2009-07-22</subfield>
    <subfield code="y">EN</subfield>
  </datafield>
  <datafield tag="952" ind1=" " ind2=" ">
    <subfield code="0">1</subfield>
    <subfield code="1">0</subfield>
    <subfield code="2">ddc</subfield>
    <subfield code="4">0</subfield>
    <subfield code="7">0</subfield>
    <subfield code="8">NFIC</subfield>
    <subfield code="a">ZLS</subfield>
    <subfield code="b">JP</subfield>
    <subfield code="d">2009-07-22</subfield>
    <subfield code="e">Ess Ess Publications/16830/8.6.09/36/5.6.09/17.6.09</subfield>
    <subfield code="g">1175.00</subfield>
    <subfield code="l">0</subfield>
    <subfield code="o">021.6 LIB</subfield>
    <subfield code="p">B-340655</subfield>
    <subfield code="r">2009-10-06 00:00:00</subfield>
    <subfield code="t">1</subfield>
    <subfield code="v">1175.00</subfield>
    <subfield code="w">2009-07-22</subfield>
    <subfield code="y">EN</subfield>
  </datafield>
  <datafield tag="952" ind1=" " ind2=" ">
    <subfield code="0">0</subfield>
    <subfield code="1">0</subfield>
    <subfield code="2">ddc</subfield>
    <subfield code="4">0</subfield>
    <subfield code="7">0</subfield>
    <subfield code="8">NFIC</subfield>
    <subfield code="a">RKP</subfield>
    <subfield code="b">RKP</subfield>
    <subfield code="d">2009-07-22</subfield>
    <subfield code="e">Ess Ess Publications/16830/8.6.09/36/5.6.09/17.6.09</subfield>
    <subfield code="g">1175.00</subfield>
    <subfield code="l">0</subfield>
    <subfield code="o">021.6 LIB</subfield>
    <subfield code="p">B-340656</subfield>
    <subfield code="r">2009-07-22 00:00:00</subfield>
    <subfield code="t">1</subfield>
    <subfield code="v">1175.00</subfield>
    <subfield code="w">2009-07-22</subfield>
    <subfield code="y">EN</subfield>
  </datafield>
  <datafield tag="952" ind1=" " ind2=" ">
    <subfield code="0">0</subfield>
    <subfield code="1">0</subfield>
    <subfield code="2">ddc</subfield>
    <subfield code="4">0</subfield>
    <subfield code="7">0</subfield>
    <subfield code="8">NFIC</subfield>
    <subfield code="a">AG</subfield>
    <subfield code="b">AG</subfield>
    <subfield code="d">2009-07-22</subfield>
    <subfield code="e">Ess Ess Publications/16830/8.6.09/36/5.6.09/17.6.09</subfield>
    <subfield code="g">1175.00</subfield>
    <subfield code="l">0</subfield>
    <subfield code="o">021.6 LIB</subfield>
    <subfield code="p">B-340657</subfield>
    <subfield code="r">2009-07-22 00:00:00</subfield>
    <subfield code="t">1</subfield>
    <subfield code="v">1175.00</subfield>
    <subfield code="w">2009-07-22</subfield>
    <subfield code="y">EN</subfield>
  </datafield>
  <datafield tag="952" ind1=" " ind2=" ">
    <subfield code="0">0</subfield>
    <subfield code="1">0</subfield>
    <subfield code="2">ddc</subfield>
    <subfield code="4">0</subfield>
    <subfield code="7">0</subfield>
    <subfield code="8">NFIC</subfield>
    <subfield code="a">SP</subfield>
    <subfield code="b">SP</subfield>
    <subfield code="d">2009-07-22</subfield>
    <subfield code="e">Ess Ess Publications/16830/8.6.09/36/5.6.09/17.6.09</subfield>
    <subfield code="g">1175.00</subfield>
    <subfield code="l">0</subfield>
    <subfield code="o">021.6 LIB</subfield>
    <subfield code="p">B-340658</subfield>
    <subfield code="r">2009-07-22 00:00:00</subfield>
    <subfield code="t">1</subfield>
    <subfield code="v">1175.00</subfield>
    <subfield code="w">2009-07-22</subfield>
    <subfield code="y">EN</subfield>
  </datafield>
  <datafield tag="952" ind1=" " ind2=" ">
    <subfield code="0">0</subfield>
    <subfield code="1">0</subfield>
    <subfield code="2">ddc</subfield>
    <subfield code="4">0</subfield>
    <subfield code="7">0</subfield>
    <subfield code="8">NFIC</subfield>
    <subfield code="a">VP</subfield>
    <subfield code="b">VP</subfield>
    <subfield code="d">2009-07-22</subfield>
    <subfield code="e">Ess Ess Publications/16830/8.6.09/36/5.6.09/17.6.09</subfield>
    <subfield code="g">1175.00</subfield>
    <subfield code="l">0</subfield>
    <subfield code="o">021.6 LIB</subfield>
    <subfield code="p">B-340659</subfield>
    <subfield code="r">2009-07-22 00:00:00</subfield>
    <subfield code="t">1</subfield>
    <subfield code="v">1175.00</subfield>
    <subfield code="w">2009-07-22</subfield>
    <subfield code="y">EN</subfield>
  </datafield>
  <datafield tag="952" ind1=" " ind2=" ">
    <subfield code="0">0</subfield>
    <subfield code="1">0</subfield>
    <subfield code="2">ddc</subfield>
    <subfield code="4">0</subfield>
    <subfield code="7">0</subfield>
    <subfield code="8">NFIC</subfield>
    <subfield code="a">BL3</subfield>
    <subfield code="b">BL3</subfield>
    <subfield code="d">2009-07-22</subfield>
    <subfield code="e">Ess Ess Publications/16830/8.6.09/36/5.6.09/17.6.09</subfield>
    <subfield code="g">1175.00</subfield>
    <subfield code="l">0</subfield>
    <subfield code="o">021.6 LIB</subfield>
    <subfield code="p">B-340660</subfield>
    <subfield code="r">2009-07-22 00:00:00</subfield>
    <subfield code="t">1</subfield>
    <subfield code="v">1175.00</subfield>
    <subfield code="w">2009-07-22</subfield>
    <subfield code="y">EN</subfield>
  </datafield>
  <datafield tag="952" ind1=" " ind2=" ">
    <subfield code="0">0</subfield>
    <subfield code="1">0</subfield>
    <subfield code="2">ddc</subfield>
    <subfield code="4">0</subfield>
    <subfield code="7">0</subfield>
    <subfield code="8">NFIC</subfield>
    <subfield code="a">NR</subfield>
    <subfield code="b">NR</subfield>
    <subfield code="d">2009-07-22</subfield>
    <subfield code="e">Ess Ess Publications/16830/8.6.09/36/5.6.09/17.6.09</subfield>
    <subfield code="g">1175.00</subfield>
    <subfield code="l">0</subfield>
    <subfield code="o">021.6 LIB</subfield>
    <subfield code="p">B-340661</subfield>
    <subfield code="r">2009-07-22 00:00:00</subfield>
    <subfield code="t">1</subfield>
    <subfield code="v">1175.00</subfield>
    <subfield code="w">2009-07-22</subfield>
    <subfield code="y">EN</subfield>
  </datafield>
  <datafield tag="952" ind1=" " ind2=" ">
    <subfield code="0">0</subfield>
    <subfield code="1">0</subfield>
    <subfield code="2">ddc</subfield>
    <subfield code="4">0</subfield>
    <subfield code="7">0</subfield>
    <subfield code="8">NFIC</subfield>
    <subfield code="a">BN</subfield>
    <subfield code="b">BN</subfield>
    <subfield code="d">2009-07-22</subfield>
    <subfield code="e">Ess Ess Publications/16830/8.6.09/36/5.6.09/17.6.09</subfield>
    <subfield code="g">1175.00</subfield>
    <subfield code="l">0</subfield>
    <subfield code="o">021.6 LIB</subfield>
    <subfield code="p">B-340662</subfield>
    <subfield code="r">2024-05-03 00:00:00</subfield>
    <subfield code="t">1</subfield>
    <subfield code="v">1175.00</subfield>
    <subfield code="w">2009-07-22</subfield>
    <subfield code="y">EN</subfield>
  </datafield>
  <datafield tag="952" ind1=" " ind2=" ">
    <subfield code="0">0</subfield>
    <subfield code="1">0</subfield>
    <subfield code="2">ddc</subfield>
    <subfield code="4">0</subfield>
    <subfield code="7">0</subfield>
    <subfield code="8">NFIC</subfield>
    <subfield code="a">BL4</subfield>
    <subfield code="b">BL4</subfield>
    <subfield code="d">2009-07-22</subfield>
    <subfield code="e">Ess Ess Publications/16830/8.6.09/36/5.6.09/17.6.09</subfield>
    <subfield code="g">1175.00</subfield>
    <subfield code="l">2</subfield>
    <subfield code="m">1</subfield>
    <subfield code="o">021.6 LIB</subfield>
    <subfield code="p">B-340663</subfield>
    <subfield code="r">2022-06-08 00:00:00</subfield>
    <subfield code="s">2022-05-17</subfield>
    <subfield code="t">1</subfield>
    <subfield code="v">1175.00</subfield>
    <subfield code="w">2009-07-22</subfield>
    <subfield code="y">EN</subfield>
  </datafield>
</record>
